000 00297nam a22001217a 4500
008 230619b xxu||||| |||| 00| 0 eng d
082 _a255.7
_bKIT
100 _cGlenn D. Kittler
245 _aThe White Fathers
260 _aLondon
_bW. H. Allen & Co. Ltd
_c1957
300 _a319p
942 _2ddc
_cBK
999 _c1262
_d1262